Estatísticas para Quiz da Jamaica

Clique aqui para jogar o quiz

Estatísticas Gerais

  • Esse quiz foi jogado 528 vezes
  • A pontuação média é 10 de 17

Estatísticas das Respostas

DicaResposta% Correto
Língua oficialInglês
96%
Mar onde a Jamaica está localizadaCaribe
92%
Cantor de "One Love" e
"No Woman, No Cry"
Bob Marley
91%
A Jamaica era uma colônia deste
país antes de 1962
Reino Unido
88%
Velocista mais rápido de
todos os tempos
Usain Bolt
87%
CapitalKingston
84%
Gênero musical do acimaReggae
84%
Moeda oficialDólar jamaicano
81%
Primeiro europeu a
visitar a Jamaica
Cristóvão
Colombo
58%
Cadeia de ilhas onde a
Jamaica faz parte
Grandes
{Antilhas}
54%
Religião afrocêntrica que se
originou na Jamaica
Rastafári
45%
Exportação mais importante da
Jamaica no período colonial
Açúcar
40%
Indústria que responde por
36% do PIB
Turismo
40%
Monarca atualCarlos III
38%
Ponto turístico popular apresentado
na música "Kokomo"
{Montego} Bay
25%
Bairro da capital conhecido como
o berço do acima
{Trench}town
18%
Língua crioula que é falada pela
maioria dos jamaicanos
{Patoá}
jamaicano
14%

Distribuição das Pontuações

Percentil de Números Respondidos

Porcentagem de Pessoas com Cada Pontuação

Sua Pontuação Histórica

Você não jogou esse quiz